MLP - Statistiques

Statistiques générales
  • Ce quiz a été pris 101 fois
  • Le résultat moyen est 10 sur 15
Statistiques - réponses
15 personnage en francais 15 personnage en anglais % Correct
Rareté Rarity
99%
Arc en ciel Rainbow Dash
93%
Scintillement crepusculaire Twilight Sparkle
88%
Cidre fort AppleJack
86%
Tarte au petit doigt Pinkie pie
81%
......... Celestia
79%
.... Luna
79%
........ Fluttershy
70%
Coucher du soleil scintillant Sunset shimmer
60%
....... Cadence
52%
Pointe Spike
51%
Lueur des etoiles Starlight Glimmer
45%
Jument Seleniaque Nightmare Moon
29%
Coeur en rafale Flurry heart
27%
Armure brillante Shning armor
16%
Aucun quiz correspondant
Distribution des résultats
% des personnes avec chaque résultat
Percentile par nombre de réponses
Votre historique - résultats
Vous n’avez pas pris ce quiz